000 01472nam a22003257i 4500
005 20220213163619.0
008 220210t20212021my ||||g |||| 00| 0 eng d
020 _a9789670526850
_cRM19.00
_qpaperback
040 _aPPAK
_beng
_cPPAK
_erda
082 0 4 _223
_a297.0902
090 0 0 _a297.0902
_bMUH
_dG
100 0 _aMuhammad Iqbal,
_eauthor.
245 1 0 _aHUSAYN :
_bA Symbol and a Warning /
_cESSAYS BY Muhammad Iqbal, Abul Kalam Azad, Zakir Husain Khan, Abul Ala Mawdudi ; Compiled and translated from Persian and Urdu into English by Mohd 'Abd al-Rahman Sayeed Siddiqi
264 1 _aPetaling Jaya, Selangor :
_bIslamic Book Trust,
_c2021
264 4 _c©2021
300 _axxxii, 96 pages ;
_c18 cm
336 _2rdacontent
_atext
337 _2rdamedia
_aunmediated
338 _2rdacarrier
_avolume
500 _aIncludes index
520 _aThe book contains four essays on Karbala by four highly respected Sunni scholars and leaders, and with a new foreword to expand the story and give the reader a more comprehensive understanding of the importance of this heart-rending tragedy in Islamic history.
600 1 _aHusayn ibn 'Ali,
_y-680.
650 1 0 _aIslam
_vHistory
651 0 _aKarbala, Battle of, Karbala, Iraq,
_y680.
700 0 _aAbul Kalam Azad,
_eauthor.
700 0 _aZakir Husain Khan,
_eauthor.
700 0 _aAbul Ala Mawdudi,
_eauthor.
700 0 _aMohd 'Abd al-Rahman sayeed Siddiqi,
_ecompiler
_etranslator.
942 _2ddc
_cB
999 _c187446
_d187446